| 000 | 00584nam a22002177a 4500 | ||
|---|---|---|---|
| 003 | OSt | ||
| 005 | 20150611191503.0 | ||
| 008 | 150611b xxu||||| |||| 00| 0 eng d | ||
| 020 | _a9781437715491 | ||
| 040 | _cDNLM | ||
| 082 | _aWS270 H435t 2014 | ||
| 100 |
_aHerring, John Anthony _95266 |
||
| 245 | _aTachdjian's Pediatric Orthopaedics | ||
| 250 | _a5th ed. | ||
| 260 |
_aPhiladelphia; _bElsevier, _c2014 |
||
| 300 |
_axli,1516p; _bcol.ill: _c28cm |
||
| 504 | _aReferences, & index included | ||
| 650 |
_aPediatrics _93353 |
||
| 651 |
_aOrthopaedics _95267 |
||
| 942 |
_2z _cO_SHELF |
||
| 999 |
_c2026 _d2026 |
||